Fundamentals of Microelectronics (Record no. 13320)

000 -LEADER
fixed length control field 00357nam a22001457a 4500
020 ## - INTERNATIONAL STANDARD BOOK NUMBER
International Standard Book Number 9780470072929
082 ## - DEWEY DECIMAL CLASSIFICATION NUMBER
Classification number 621.381 RAZ
100 ## - MAIN ENTRY--PERSONAL NAME
Personal name Razavi, Behzad
245 ## - TITLE STATEMENT
Title Fundamentals of Microelectronics
260 ## - PUBLICATION, DISTRIBUTION, ETC.
Place of publication, distribution, etc. USA
Name of publisher, distributor, etc. John Wiley & Sons, Inc.
Date of publication, distribution, etc. 2006
300 ## - PHYSICAL DESCRIPTION
Extent xxviii, 767 p.
500 ## - GENERAL NOTE
General note Includes index
650 ## - SUBJECT ADDED ENTRY--TOPICAL TERM
Topical term or geographic name entry element Microelectronics
942 ## - ADDED ENTRY ELEMENTS (KOHA)
Koha item type Book
Holdings
Withdrawn status Lost status Damaged status Not for loan Collection code Permanent Location Current Location Shelving location Date acquired Source of acquisition Total Checkouts Total Renewals Full call number Barcode Checked out Date last seen Date last checked out Price effective from Koha item type
          Central Library (CL) Central Library (CL) General Stacks 08/11/2015 Donation 6 2 621.381 RAZ SEECSD01167 01/11/2026 12/12/2025 12/12/2025 08/09/2015 Book
© 2023 Central Library, National University of Sciences and Technology. All Rights Reserved.